000
00243nam a2200085Ia 4500
008
120527s9999 xx 000 0 und d
100
_a
OHAYO-MITOKO,Grace
245
_a
Occupational pesticide exposure among Kenya Agricultural workers
942
_c
BK
999
_c
25178
_d
25178